| 000 | 00918cam a22002411 4500 | ||
|---|---|---|---|
| 001 | w 13000062 | ||
| 003 | DLC | ||
| 005 | 20260227112808.0 | ||
| 008 | 771012s1913 xx 000 0 eng | ||
| 010 | _aw 13000062 | ||
| 035 | _a(OCoLC)3335034 | ||
| 040 |
_aDLC _cOTU _dDLC |
||
| 050 | 0 | 0 |
_aDS511 _b.D73 1913 |
| 100 | 1 |
_aDouglas, Robert K. _q(Robert Kennaway), _cSir, _d1838-1913. |
|
| 245 | 1 | 0 |
_aEurope and the Far East, 1506-1912, _cby Sir Robert K. Douglas...rev. and cor. with an additional chapter (1904-1912) by Joseph H. Longford. |
| 260 |
_aCambridge [Eng.] _bUniversity press, _c1913. |
||
| 300 |
_avii, 487 p. _b6 fold. maps. _c20 cm. |
||
| 490 | 0 | _aCambridge historical series, ed. by G. W. Prothero | |
| 500 | _aFirst edition, 1904: revised edition, 1913. | ||
| 504 | _aBibliography: p. 463-475. | ||
| 650 | 0 | _aEastern question (Far East) | |
| 700 | 1 |
_aLongford, Joseph H. _q(Joseph Henry), _d1849-1925. |
|
| 999 |
_c92039 _d92039 |
||